000 00599cam a22002171 4500
001 sa 64002947
003 DLC
005 20260227112013.0
008 860208m19639999io acf 000 0 ind
010 _asa 64002947
025 _aPL480:Indo-276
035 _a(OCoLC)13127138
040 _aDLC
_cKyU
_dKyU
_dDLC
042 _apremarc
050 0 0 _aDS644.1.S8
_bA563
100 0 _aSoekarno,
_d1901-1970.
245 1 0 _aDibawah bendera revolusi.
250 _aTjet. 2.
260 _a[Djakarta]
_bPanitya Penerbit Dibawah Bendera Revolusi,
_c1963-
300 _a v.
_billus., plates, ports.
_c27 cm.
999 _c57615
_d57615